القانون الدولى والمللى الخاص فى فلسطين والشرق الأدنى : (Record no. 46202)
[ view plain ]
| 000 -LEADER | |
|---|---|
| fixed length control field | 01512nam a2200337 4500 |
| 003 - CONTROL NUMBER IDENTIFIER | |
| control field | EG-GICUC |
| 005 - DATE AND TIME OF LATEST TRANSACTION | |
| control field | 20260121101347.0 |
| 008 - FIXED-LENGTH DATA ELEMENTS--GENERAL INFORMATION | |
| fixed length control field | 251126s1931 wj ||||fr|||| 00| 0 ara d |
| 040 ## - CATALOGING SOURCE | |
| Original cataloging agency | EG-GICUC |
| Language of cataloging | ara |
| Transcribing agency | EG-GICUC |
| Modifying agency | EG-GICUC |
| Description conventions | rda |
| 041 ## - LANGUAGE CODE | |
| Language code of text/sound track or separate title | ara |
| 082 04 - DEWEY DECIMAL CLASSIFICATION NUMBER | |
| Edition number | 21 |
| Classification number | 341.8 |
| Item number | ف ر . ق |
| 092 04 - LOCALLY ASSIGNED DEWEY CALL NUMBER (OCLC) | |
| Edition number | 21 |
| 099 ## - LOCAL FREE-TEXT CALL NUMBER (OCLC) | |
| Classification number | Law1 12 341.8 ف ر . ق 1931 |
| 100 0# - MAIN ENTRY--PERSONAL NAME | |
| Personal name | فريدريك م. كودبى |
| Relator term | مؤلف. |
| 245 12 - TITLE STATEMENT | |
| Title | القانون الدولى والمللى الخاص فى فلسطين والشرق الأدنى : |
| Remainder of title | يدرس فى معهد الحقوق لحكومة فلسطين فى القدس / |
| Statement of responsibility, etc. | فريدريك م. كودبى ؛ حسن صدقى الدجانى، صلاح الدين العباسى. |
| 264 #3 - PRODUCTION, PUBLICATION, DISTRIBUTION, MANUFACTURE, AND COPYRIGHT NOTICE | |
| Place of production, publication, distribution, manufacture | القدس : |
| Name of producer, publisher, distributor, manufacturer | مطبعة بيت المقدس، |
| Date of production, publication, distribution, manufacture, or copyright notice | 1931. |
| 300 ## - PHYSICAL DESCRIPTION | |
| Extent | 416 صفحة |
| Dimensions | 24 سم |
| 336 ## - CONTENT TYPE | |
| Source | rda content |
| Content type term | text |
| 337 ## - MEDIA TYPE | |
| Source | rda media |
| Media type term | Computer |
| 338 ## - CARRIER TYPE | |
| Source | rda carrier |
| Carrier type term | Online Resource |
| 500 ## - GENERAL NOTE | |
| General note | يحتوي على جدول بالخطأ والصواب |
| 504 ## - BIBLIOGRAPHY, ETC. NOTE | |
| Bibliography, etc. note | يحتوي على ارجاعات ببليوجرافية<br/>يحتوي على قائمة بالمراجع |
| 546 ## - LANGUAGE NOTE | |
| Language note | النص أغلبه باللغة العربية مع بعض النصوص الإنجليزية |
| 650 1# - SUBJECT ADDED ENTRY--TOPICAL TERM | |
| Source of heading or term | qrmak |
| 651 1# - SUBJECT ADDED ENTRY--GEOGRAPHIC NAME | |
| Source of heading or term | qrmak |
| 700 ## - ADDED ENTRY--PERSONAL NAME | |
| Personal name | صلاح الدين العباسى |
| Relator term | مترجم. |
| 700 ## - ADDED ENTRY--PERSONAL NAME | |
| Personal name | حسن صدقى الدجانى |
| Relator term | مترجم. |
| 856 40 - ELECTRONIC LOCATION AND ACCESS | |
| Uniform Resource Identifier | <a href="https://fll.law.cu.edu.eg/fulltext/bks/B12-01515.pdf">https://fll.law.cu.edu.eg/fulltext/bks/B12-01515.pdf</a> |
| 905 ## - Cataloger and Reviser Names | |
| Cataloger Name: | Rawan khaled |
| Revisor Name: | Yara |
| 942 ## - ADDED ENTRY ELEMENTS (KOHA) | |
| Source of classification or shelving scheme | Dewey Decimal Classification |
| Suppress in OPAC | No |
| Koha item type | Books |
| Edition | 21 |
| Withdrawn status | Lost status | Source of classification or shelving scheme | Damaged status | Not for loan | Collection | Home library | Current library | Date acquired | Total checkouts | Full call number | Barcode | Date last seen | Copy number | Price effective from | Koha item type |
|---|---|---|---|---|---|---|---|---|---|---|---|---|---|---|---|
| Dewey Decimal Classification | Not for loan | القانون الدولي الخاص | جــــامعة القــاهرة | مكتبة كلية الحقوق - المبنى الرئيسي | 26.11.2025 | Law1 12 341.8 ف ر . ق 1931 1201515 C1 | B12-01515 | 26.11.2025 | 1 | 26.11.2025 | Books |